000 00580nam a2200193 a 4500
005 20220603063725.0
008 120627s2000 mx r 000 0 spa d
020 _a9583007013
035 _aUPN01000185554
049 _aI
050 4 _aPQ8180.24 I6.6
_bJ3.7
100 1 _aNiño, Jairo Aníbal,
_d1941-
_932016
245 1 3 _aEl jardín de las ilusiones /
_cJairo Aníbal Niño ; il. Luz Marina Camacho.
260 _aBogotá :
_bPanamericana,
_c2000.
300 _a83 p. :
_bil. col.
440 0 _aCorcel.
_pNarrativa
650 4 _aCuentos infantiles
_96744
905 _aInfantil
999 _c157657
_d157657